Návrh opatrení na zdokonalenie činnosti podniku Slovenské lodenice Komárno, a.s. Bratislava v oblasti plánovania, vyhľadávania, rozmiestňovania a uvoľňovania pracovníkov : Diplomová práca

Gespeichert in:
Bibliographische Detailangaben
1. Verfasser: Horváthová, Žaneta (Verfasst von)
Weitere Verfasser: Štrpka, Alexander, 1938- (xxx)
Format: Manuskript Buch
Sprache:Slowakisch
Veröffentlicht: Trnava : STU v Bratislave MtF KPIM, 2004
Schlagworte:
Tags: Tag hinzufügen
Keine Tags, Fügen Sie das erste Tag hinzu!

MARC

LEADER 00000ntm a22000003a 4500
001 stu89293
005 20160719154649.6
008 040728s2004----xo------------------slo-d
040 |a STU  |b slo 
041 0 |a slo 
044 |a xo 
100 1 |a Horváthová, Žaneta  |4 aut 
245 1 |a Návrh opatrení na zdokonalenie činnosti podniku Slovenské lodenice Komárno, a.s. Bratislava v oblasti plánovania, vyhľadávania, rozmiestňovania a uvoľňovania pracovníkov :  |b Diplomová práca 
260 |a Trnava :  |b STU v Bratislave MtF KPIM,  |c 2004 
300 |a 95 s  |c disketa 
650 7 |a priemyselné inžinierstvo a manažment  |2 stusub 
650 7 |a personalistika  |2 stusub 
700 1 |a Štrpka, Alexander,  |d 1938-  |4 xxx  |u M190  |U MTF Materiálovotechnologická fakulta  |T MTF Katedra priemyselného inžinierstva a manažmentu  |X 1490  |U M190  |Y 167  |7 A000001490 
996 |b 284M059971  |c M*DP-5254  |l MMSKP  |s P  |a 0  |w stu89293_0001